Cos'è questo mio amore /

Federico García Lorca non visse serenamente la propria omosessualità, e la sofferta «crisi sentimentale» che ne derivò nutrì senza dubbio la malinconia che tanto caratterizza la sua produzione poetica. Soprattutto, ispirò la celebre raccolta Sonetti dell'amore oscuro, pubblicata per la prima volta s...

Deskribapen osoa

Gorde:
Xehetasun bibliografikoak
Egile nagusia: García Lorca, Federico
Beste egile batzuk: Bo, Carlo, (1911-2001) (Itzultzailea), Socrate, Mario (Itzultzailea)
Formatua: Liburua
Hizkuntza:italiera
Argitaratua: Milano : Garzanti, 2020
Saila:I piccoli grandi libri
Etiketak: Etiketa erantsi
Etiketarik gabe, Izan zaitez lehena erregistro honi etiketa jartzen!

MARC

LEADER 00000nam a22000007i 4500
001 IT\ICCU\URB\0943394
003 ItRI
005 20251210173045.0
008 201009s2020 it |||||| ||||| |||||c
020 |a 9788811814474 
040 |b ita  |c Arcigay Viterbo 
041 7 |a ita  |2 ISO-639-2 
100 1 |a García Lorca, Federico  |0 IT\ICCU\CFIV\051848 
245 1 0 |a Cos'è questo mio amore /  |c Federico Garcia Lorca ; traduzione di Carlo Bo, Mario Socrate. 
260 |a Milano :  |b Garzanti,  |c 2020 
300 |a 87 p. ;  |c 16 cm. 
520 |a Federico García Lorca non visse serenamente la propria omosessualità, e la sofferta «crisi sentimentale» che ne derivò nutrì senza dubbio la malinconia che tanto caratterizza la sua produzione poetica. Soprattutto, ispirò la celebre raccolta Sonetti dell'amore oscuro, pubblicata per la prima volta solo nel 1983, a quasi cinquant'anni dalla morte dell'autore. Cos'è questo mio amore raccoglie questi versi insieme a una più ampia selezione di testi, dove risuona, struggente e inconfondibile, la voce di uno dei più grandi poeti del Novecento. 
700 1 |a Bo, Carlo,  |d  (1911-2001)  |0 IT\ICCU\CFIV\041380  |4 trl 
700 1 |a Socrate, Mario  |0 IT\ICCU\CFIV\054774  |4 trl 
830 2 |a I piccoli grandi libri  |0 IT\ICCU\UBO\4235476 
942 |2 ddc  |c BK  |n 0 
952 |0 0  |1 0  |2 ddc  |4 0  |6 A_55_000000000000000  |7 0  |9 10044  |a VT  |b VT  |d 2025-12-10  |e Deposito Lorenzo Abbate  |i ABB55  |l 0  |o A55  |p ABB55  |r 2025-12-10 17:31:14  |w 2025-12-10  |y BK  |z Deposito Lorenzo Abbate 
981 1 |6 z01  |a i   |b xxxe  
982 1 |6 z01  |a n 
999 |c 8373  |d 8373